Transporte /
Kaydedildi:
| Yazar: | |
|---|---|
| Materyal Türü: | Kitap |
| Dil: | Spanish |
| Etiketler: |
Etiketle
Etiket eklenmemiş, İlk siz ekleyin!
|
MARC
| LEADER | 00000nam a22000007a 4500 | ||
|---|---|---|---|
| 003 | cru CRAI/IIS | ||
| 005 | 20200117093930.0 | ||
| 008 | 200116t2018 ag |||||r|||| 00| 0 spa d | ||
| 999 | |c 42861 |d 42861 | ||
| 040 | |c cru CRAI/IIS | ||
| 100 | 1 | |9 8961 |a Krüger, Ralph | |
| 245 | 1 | |a Transporte / |c Ralph Krüger | |
| 300 | |a páginas 179-185 | ||
| 773 | 0 | |0 42699 |9 3983 |a Zunino Singh, Dhan |d Buenos Aires, Argentina Editorial Biblos 2018 |o 18714 |t Términos claves para los estudios de movilidad en América Latina / |z 9789876916479 | |
| 942 | |2 ddc |c LI | ||



